| 000 | 00526nam a2200181Ia 4500 | ||
|---|---|---|---|
| 001 | 21296 | ||
| 005 | 20260306172909.0 | ||
| 008 | 260306t2017||||xx |||||||||||||| ||spa|| | ||
| 041 | _aESP | ||
| 082 |
_a344.525 _bA52 |
||
| 100 |
_aAmat, Oriol _eAUT |
||
| 245 | 0 |
_aEmpresas que mienten, cómo maquillan las cuentas y cómo detectarlo a tiempo: _bcómo maquillan las cuentas y cómo detectarlo a tiempo |
|
| 260 | _c2017 | ||
| 300 |
_a248 páginas : _c23 cm. |
||
| 650 | _aGEN | ||
| 654 | _aCDE | ||
| 942 |
_cLIB _dJUS _fJUS _2ddc _n |
||
| 999 |
_c21296 _d21296 |
||